000 00487nam a2200169Ia 4500
003 LK-CoDNM
008 010623t xxu||||| |||| 00| 1 sin d
040 _aLK-CoDNM
_dLK-CoDNM
_eLK-CoDNM
041 _asin
080 _a301 PER
100 _aPerera,Kusal
245 _aසංස්කෘතික මහල්ලෙකුගේ සංවර්ධන විලාපය
246 _aSanskkruthika Mahllekuge Sanwardana Wilapaya
300 _b cm
650 _aSociology
942 _cBK
999 _c141456
_d141456